Total quality stress management : (Record no. 144696)

MARC details
000 -LEADER
fixed length control field 00533nam a22001697a 4500
010 ## - LCCN (DPL NO)
LC control number ENG-120584
020 ## - INTERNATIONAL STANDARD BOOK NUMBER
Terms of availability 180.00
International Standard Book Number 9789381113653
035 ## - SYSTEM CONTROL NUMBER
System control number EN-104116
037 ## - SOURCE OF ACQUISITION
Source of stock number/acquisition DBAD/PUB
082 ## - DEWEY DECIMAL CLASSIFICATION NUMBER
Classification number 155.9042
100 ## - MAIN ENTRY--PERSONAL NAME
Personal name Ravindran, P.C.K.
245 ## - TITLE STATEMENT
Title Total quality stress management :
Statement of responsibility, etc by P.C.K. Ravindran
Remainder of title sure ways to success /
260 ## - PUBLICATION, DISTRIBUTION, ETC. (IMPRINT)
Place of publication, distribution, etc Hyderabad
Date of publication, distribution, etc 2012
Name of publisher, distributor, etc Asia Law House
270 ## - ADDRESS
City Hyderabad
Address Opp. I.O.B Bank Street, Kothi,
300 ## - PHYSICAL DESCRIPTION
Extent xi,155p.
Other physical details 23cm(pbk).
942 ## - ADDED ENTRY ELEMENTS (KOHA)
Source of classification or shelving scheme Dewey Decimal Classification
Item type English Books
Classification part 155.9042
Call number suffix RAV
Holdings
Withdrawn status Lost status Not for loan Collection code Home library Current library Date acquired Source of acquisition Cost, normal purchase price Full call number Barcode Copy number Cost, replacement price Koha item type
      Non-fiction Patel Nagar Patel Nagar 15/09/2017 DBAD/PUB 180.00 155.9042 RAV EN-104116 1 180.00 English Books

© Delhi Public Library
Hit Counter
free hit counter